000 00341nam a22001457a 4500
008 230320b ||||| |||| 00| 0 eng d
020 _a9780759395923
041 _aeng
080 _2TENTH EDITION
_a51
082 _a51LAW
100 _a22
101 _aKONTABILITET
245 _aESSENTIALS OF ACCOUNTING
_cLAWRENCE.D.M
942 _2udc
_cBK
999 _c59396
_d59396